000 00205nam a22000857a 4500
008 161122b xxu||||| |||| 00| 0 eng d
100 _91308
_aCBSE
245 _aEnglish Course-IX
260 _aNew delhi
_bCBSE
_c2010
999 _c4021
_d4021